000 00424nam a2200157 i 4500
001 43002
003 ES-MaACL
005 20230906160721.0
007 t|
008 030314s1973 sp ||||1| spa d
100 1 _aCencillo, Luis.
_937397
245 1 0 _aTerapia, lenguaje y sueƱo /
_cLuis Cencillo.
260 _aMadrid :
_bMarova :
_b[Halar,
_c1973]
300 _a400 p. ;
_c21 cm.
852 _aES-MaACL
_jC-52993
_bR.86148
999 _c43002
_d43002